000
00319nam a2200121 a 4500
005
20140414131918.0
008
101020s19uu xx 00 eng d
050
_a
ER
_b
L72 1990
100
_a
Gordon, Jeffie, Ross
245
_a
Little kids at home.
260
_a
New York :
_b
Modern Publishing,
_c
1989.
999
_c
111592
_d
111592